| 000 | 00369nam a22001217a 4500 | ||
|---|---|---|---|
| 999 |
_c9904 _d9904 |
||
| 003 | OSt | ||
| 008 | 201203b ||||| |||| 00| 0 eng d | ||
| 245 | _aVision: The Journal of Business Perspective | ||
| 250 | _a2018(Mar Vol.22 No.1, Jun Vol.22 No.2, Sep Vol.22 No.3, Dec Vol.22 No.4) | ||
| 260 |
_bSAGE Publications _aNew Delhi |
||
| 650 | _aManagement | ||
| 942 |
_2ddc _cBV |
||